header

Real phonies (Record no. 212888)

MARC details
000 -LEADER
fixed length control field 01688nam a2200409Ia 4500
082 04 - DEWEY DECIMAL CLASSIFICATION NUMBER
Classification number 810.9/353
100 1# - MAIN ENTRY--AUTHOR NAME
Personal name Cheever, Abigail,
245 10 - TITLE STATEMENT
Title Real phonies
260 ## - PUBLICATION, DISTRIBUTION, ETC. (IMPRINT)
Place of publication Athens, Ga. :
Name of publisher University of Georgia Press,
Year of publication c2010.
300 ## - PHYSICAL DESCRIPTION
Number of Pages viii, 312 p. :
Other physical details ill.
650 #0 - SUBJECT ADDED ENTRY--TOPICAL TERM
Topical Term Agent (Philosophy) in literature.
Topical Term American literature
Topical Term Authenticity (Philosophy) in literature.
Topical Term Identity (Psychology) in literature.
Topical Term Identity (Psychology) in motion pictures.
Topical Term Literature and society
Topical Term Self in literature.
856 40 - ELECTRONIC LOCATION AND ACCESS
Uniform Resource Identifier http://site.ebrary.com/lib/rucke/Doc?id=10367029

No items available.

© 2026 Rongo University
Contact us: librarian | system librarian | Rongo university